000 00350nam a22001217a 4500
999 _c5544
_d5544
008 251002b ||||| |||| 00| 0 eng d
020 _a9781627797696
082 _a398.2 DEMI
100 _aDEMI
_eAUTHOR
_lENGLISH
245 _aTHE SHADY TREE
260 _a175 FIFTH AVENUE AVENUE,NEW YORK,NEW YORK 10010
_bHENRY HOLT AND COMPANY,LLC
_c2016
942 _2ddc